Fotoakusztikus rendszer érzékenységének mérése [absztrakt] /

Elmentve itt :
Bibliográfiai részletek
Szerző: Szendefi Dániel
Testületi szerző: VI. Móra Interdiszciplináris Kárpát-medencei Szakkollégiumi Konferencia
Dokumentumtípus: Könyv része
Megjelent: 2022
Sorozat:Móra Kárpát-medencei Interdiszciplináris Szakkollégiumi Konferencia 6
Kulcsszavak:Spektroszkópia - módszer - előadáskivonat
Tárgyszavak:
Online Access:http://acta.bibl.u-szeged.hu/83349
LEADER 00871naa a2200205 i 4500
001 acta83349
005 20240125091250.0
008 240125s2022 hu o 100 hun d
040 |a SZTE Egyetemi Kiadványok Repozitórium  |b hun 
041 |a hun 
100 1 |a Szendefi Dániel 
245 1 0 |a Fotoakusztikus rendszer érzékenységének mérése   |h [elektronikus dokumentum] :  |b [absztrakt] /  |c  Szendefi Dániel 
260 |c 2022 
300 |a 37-38 
490 0 |a Móra Kárpát-medencei Interdiszciplináris Szakkollégiumi Konferencia  |v 6 
650 4 |a Természettudományok 
650 4 |a Fizikai tudományok 
695 |a Spektroszkópia - módszer - előadáskivonat 
711 |a VI. Móra Interdiszciplináris Kárpát-medencei Szakkollégiumi Konferencia  |c Szeged  |d 2022. november 4-6. 
856 4 0 |u http://acta.bibl.u-szeged.hu/83349/1/morakonf_2022_037-038.pdf  |z Dokumentum-elérés